Variable compleja con aplicaciones

Збережено в:
Бібліографічні деталі
Автор: Derrick, William R (Автор)
Формат: Книга
Мова:Іспанська
Опубліковано: Ciudad de México Iberoamérica 1987
Предмети:
Теги: Додати тег
Немає тегів, Будьте першим, хто поставить тег для цього запису!

MARC

LEADER 00000nam a2200000 a 4500
001 UCW1393
003 CL-VaPUC
008 920612e19870000MX |||||||||||||||||spa|d
020 |a 9687270357 
082 0 4 |a 515.9  |b DER  |2 21 
100 0 |a Derrick, William R  |e author  |9 305332 
245 1 0 |a Variable compleja con aplicaciones 
300 |a 303 p 
942 |c BK 
945 |d 19920612 00:00:00  |a mfernand 
260 |a Ciudad de México  |b Iberoamérica  |c 1987 
650 0 |a Funciones de variables complejas  |9 260212 
650 0 |a Análisis matemático   |9 260146 
583 |a last modification  |c 20171220 11:47:49  |k Rodrigo Vera 
999 |c 216288  |d 216286 
952 |0 0  |1 0  |4 0  |6 515_900000000000000_DER_1987  |7 0  |8 A  |9 201856  |a BIBMAT  |b BIBMAT  |d 2019-11-14  |i 2690896  |l 5  |m 5  |o 515.9 DER 1987  |p 2690896  |r 2025-01-07  |s 2022-11-02  |w 2019-11-14  |y BK  |k MAT 
952 |0 0  |1 0  |4 0  |6 515_900000000000000_DER_1987  |7 0  |8 A  |9 201857  |a BIBMAT  |b BIBMAT  |d 2019-11-14  |i 269090K  |l 2  |o 515.9 DER 1987  |p 269090K  |r 2025-01-07  |s 2024-11-28  |w 2019-11-14  |y BK  |k MAT 
952 |0 0  |1 0  |4 0  |6 515_900000000000000_DER_1987  |7 0  |8 A  |9 201858  |a BIBMAT  |b BIBMAT  |d 2019-11-14  |i 299920K  |o 515.9 DER 1987  |p 299920K  |r 2025-01-07  |w 2019-11-14  |y BK  |k MAT 
952 |0 0  |1 0  |4 0  |6 515_900000000000000_DER_1987  |7 0  |8 A  |9 201859  |a BIBMAT  |b BIBMAT  |d 2019-11-14  |i 2999218  |l 2  |o 515.9 DER 1987  |p 2999218  |r 2025-01-07  |s 2022-09-06  |w 2019-11-14  |y BK  |k MAT 
952 |0 0  |1 0  |4 0  |6 515_900000000000000_DER_1987  |7 0  |8 A  |9 201860  |a BIBMAT  |b BIBMAT  |d 2019-11-14  |i 3414159  |l 2  |m 2  |o 515.9 DER 1987  |p 3414159  |r 2025-01-07  |s 2024-10-09  |w 2019-11-14  |y BK  |k MAT 
952 |0 0  |1 0  |2 ddc  |4 0  |6 515_900000000000000_DER_1987  |7 0  |8 A  |9 201861  |a BIBING  |b BIBING  |c GEN  |d 2019-11-14  |i 3510190  |o 515.9 DER 1987  |p 3510190  |r 2025-01-20  |w 2019-11-14  |y BK  |k ING 
952 |0 0  |1 0  |2 ddc  |4 0  |6 515_900000000000000_DER_1987  |7 0  |8 A  |9 201862  |a BIBING  |b BIBING  |c GEN  |d 2019-11-14  |i 3510204  |o 515.9 DER 1987  |p 3510204  |r 2025-01-20  |w 2019-11-14  |y BK  |k ING 
952 |0 0  |1 0  |2 ddc  |4 0  |6 515_900000000000000_DER_1987  |7 0  |8 A  |9 201863  |a BIBING  |b BIBING  |c GEN  |d 2019-11-14  |i 3510212  |o 515.9 DER 1987  |p 3510212  |r 2025-01-20  |w 2019-11-14  |y BK  |k ING 
952 |0 0  |1 0  |2 ddc  |4 0  |6 515_900000000000000_DER_1987  |7 0  |8 A  |9 201864  |a BIBING  |b BIBING  |c GEN  |d 2019-11-14  |i 3510220  |o 515.9 DER 1987  |p 3510220  |r 2025-01-20  |w 2019-11-14  |y BK  |k ING 
952 |0 0  |1 0  |2 ddc  |4 0  |6 515_900000000000000_DER_1987  |7 0  |8 A  |9 201865  |a BIBING  |b BIBING  |c GEN  |d 2019-11-14  |i 3510239  |o 515.9 DER 1987  |p 3510239  |r 2025-01-20  |w 2019-11-14  |y BK  |k ING 
952 |0 0  |1 0  |2 ddc  |4 0  |6 515_900000000000000_DER_1987  |7 0  |8 A  |9 201866  |a BIBING  |b BIBING  |c GEN  |d 2019-11-14  |i 3510247  |o 515.9 DER 1987  |p 3510247  |r 2025-01-20  |w 2019-11-14  |y BK  |k ING 
952 |0 0  |1 0  |2 ddc  |4 0  |6 515_900000000000000_DER_1987  |7 0  |8 A  |9 201867  |a BIBING  |b BIBING  |c GEN  |d 2019-11-14  |i 3510255  |o 515.9 DER 1987  |p 3510255  |r 2025-01-20  |w 2019-11-14  |y BK  |k ING 
952 |0 0  |1 0  |2 ddc  |4 0  |6 515_900000000000000_DER_1987  |7 0  |8 A  |9 201868  |a BIBING  |b BIBING  |c GEN  |d 2019-11-14  |i 3510263  |o 515.9 DER 1987  |p 3510263  |r 2025-01-20  |w 2019-11-14  |y BK  |k ING 
952 |0 0  |1 0  |2 ddc  |4 0  |6 515_900000000000000_DER_1987  |7 0  |8 A  |9 201869  |a BIBING  |b BIBING  |c GEN  |d 2019-11-14  |i 3510271  |o 515.9 DER 1987  |p 3510271  |r 2025-01-20  |w 2019-11-14  |y BK  |k ING 
952 |0 0  |1 0  |4 0  |6 515_900000000000000_DER_1987  |7 0  |8 A  |9 201870  |a BIBCUR  |b BIBCUR  |d 2019-11-14  |i 4648242  |l 6  |m 4  |o 515.9 DER 1987  |p 4648242  |r 2025-04-22  |s 2024-10-09  |w 2019-11-14  |y BK  |k FIS 
952 |0 0  |1 0  |4 0  |6 515_900000000000000_DER_1987  |7 0  |8 A  |9 201871  |a BIBMAT  |b BIBMAT  |d 2019-11-14  |i 3342972  |l 4  |m 4  |o 515.9 DER 1987  |p 3342972  |r 2025-01-07  |s 2022-12-15  |w 2019-11-14  |y BK  |k MAT